10 victoires d'étapes sur le Tour de France - Mort subite - Statistiques

Statistiques générales
  • Ce quiz a été pris 296 fois
  • Le résultat moyen est 5 sur 20
Answers on the Grid
Answers color-coded by a green-red scale on the quiz's grid according to % correct below.
Alberto Contador
André Darrigade
André Greipel
André Leducq
Bernard Hinault
Charly Gaul
Christopher Froome
Eddy Merckx
Erik Zabel
Gino Bartali
Greg Lemond
Jacques Anquetil
Jan Ulrich
Jasper Philipsen
Jonas Vingegaard
Joop Zoetemelk
Laurent Fignon
Louison Bobet
Marcel Kittel
Mario Cipollini
Mark Cavendish
Miguel Indurain
Peter Sagan
Raymond Poulidor
Robbie McEwen
Tadej Pogacar
Thor Hushovd
Tom Boonen
 
Statistiques - réponses
Réponse % Correct
Tadej Pogacar
55%
Eddy Merckx
54%
Bernard Hinault
52%
Mark Cavendish
45%
Peter Sagan
37%
Jacques Anquetil
31%
Marcel Kittel
28%
Jasper Philipsen
25%
Erik Zabel
23%
Miguel Indurain
21%
André Greipel
20%
André Darrigade
17%
Mario Cipollini
16%
Louison Bobet
11%
André Leducq
7%
Thor Hushovd
7%
Robbie McEwen
6%
Charly Gaul
5%
Gino Bartali
5%
Joop Zoetemelk
4%
Aucun quiz correspondant
Distribution des résultats
% des personnes avec chaque résultat
Percentile par nombre de réponses
Votre historique - résultats
Vous n’avez pas pris ce quiz